Eighth course on management and accounting (July 28 - August 1, 1986) (Record no. 509174)

000 -LEADER
fixed length control field 00410nam a22001217a 4500
008 - FIXED-LENGTH DATA ELEMENTS--GENERAL INFORMATION
fixed length control field 190425b ||||| |||| 00| 0 eng d
082 ## - DEWEY DECIMAL CLASSIFICATION NUMBER
Classification number L8 MA/8/86
100 ## - MAIN ENTRY--PERSONAL NAME
Personal name India. Indian Institute of Public Administration
245 ## - TITLE STATEMENT
Title Eighth course on management and accounting (July 28 - August 1, 1986)
260 ## - PUBLICATION, DISTRIBUTION, ETC. (IMPRINT)
Place of publication, distribution, etc New Delhi
Name of publisher, distributor, etc Indian Institute of Public Administration
Date of publication, distribution, etc 1986
300 ## - PHYSICAL DESCRIPTION
Extent v.p.
942 ## - ADDED ENTRY ELEMENTS (KOHA)
Source of classification or shelving scheme
Holdings
Withdrawn status Lost status Source of classification or shelving scheme Damaged status Not for loan Permanent Location Current Location Date acquired Full call number Barcode Date last seen Price effective from Koha item type
          Indian Institute of Public Administration Indian Institute of Public Administration 2019-04-25 L8 MA/8/86 GG34494 2019-04-25 2019-04-25 GG

Powered by Koha